00342nam a2200121Ia 450000500170000000800410001708200120005810000380007024500280010826000580013630000080019465000180020220240821151632.0240821s9999||||xx |||||||||||||| ||und|| a951 PEN aPennsbury School, Fallsington USA 0aChina : A resource unit aPennsylvaniabBuck Country School STudy Councilc1961 a44p aAsian History